[Event "Vanzaghello op"]
[Site "Vanzaghello"]
[Date "1999.09.26"]
[Round "5"]
[White "Pace, Roberto"]
[Black "Rossi, Giampiero"]
[Result "1-0"]
[WhiteElo "2050"]
[BlackElo "2020"]
[PlyCount "94"]
[EventDate "1999.09.??"]
[EventType "swiss"]
[EventRounds "9"]
[EventCountry "ITA"]
[SourceTitle "EXT 2005"]
[Source "ChessBase"]
[SourceDate "2004.11.15"]
[SourceVersion "1"]
[SourceVersionDate "2004.11.15"]
[SourceQuality "1"]

1. e4 c5 2. Nf3 e6 3. d4 cxd4 4. Nxd4 a6 5. Bd3 Nc6 6. Nf3 Nf6 7. 0-0 Qc7 8. Qe2 d6 9. Bd2 Be7 10. c4 0-0 11. Nc3 Bd7 12. Rac1 Ne5 13. Nd4 Rac8 14. b3 Nxd3 15. Qxd3 Qb8 16. f4 b5 17. cxb5 axb5 18. a4 b4 19. Ncb5 d5 20. e5 Ne4 21. Be3 Rxc1 22. Rxc1 Rc8 23. Rc2 Bc5 24. h3 g6 25. Kh2 Kg7 26. Qe2 Qb6 27. Qd3 Rb8 28. Re2 h5 29. g3 Kh7 30. Kg2 Be8 31. Kf3 Kg7 32. g4 hxg4+ 33. hxg4 Bd7 34. Rh2 Rh8 35. Rxh8 Kxh8 36. Nc2 Qd8 37. g5 Qf8 38. Qf1 Kg8 39. Ncd4 Bxd4 40. Nxd4 Qc8 41. Qd3 Qc7 42. Nc2 Qc3 43. Qxc3 bxc3 44. Ke2 Ng3+ 45. Kd3 Nf5 46. Kxc3 Kf8 47. Bc5+ Ke8 1-0

[Event "EU-ch Union SCIPT"]
[Site "Balatonkenese"]
[Date "1999.??.??"]
[Round "3"]
[White "Pace, Roberto"]
[Black "Morvay, Miklos"]
[Result "0-1"]
[WhiteElo "2175"]
[BlackElo "2215"]
[PlyCount "84"]
[EventDate "1999.09.??"]
[EventType "swiss"]
[EventRounds "7"]
[EventCountry "HUN"]
[SourceTitle "EXT 2000"]
[Source "ChessBase"]
[SourceDate "1999.11.16"]
[SourceVersion "1"]
[SourceVersionDate "1999.11.16"]
[SourceQuality "1"]

1. e4 c5 2. Bc4 a6 3. d3 e6 4. Qe2 Nc6 5. c3 Na5 6. Nd2 b5 7. Bb3 Nxb3 8. Nxb3 Bb7 9. Nf3 d6 10. 0-0 Nf6 11. Bg5 h6 12. Bf4 e5 13. Bc1 g6 14. Re1 Bg7 15. Nbd2 0-0 16. Nf1 Re8 17. Ng3 d5 18. Qc2 Rc8 19. Bd2 c4 20. Rad1 cxd3 21. Qxd3 Nxe4 22. Qb1 Nd6 23. Qc1 e4 24. Bxh6 exf3 25. Be3 fxg2 26. Bg5 Qb6 27. h4 Ne4 28. Be3 d4 29. Bf4 Nxg3 30. Bxg3 dxc3 31. bxc3 Qc6 32. h5 Bxc3 33. Rxe8+ Rxe8 34. hxg6 Qxg6 35. Qxc3 Qh5 36. f3 Qh1+ 37. Kf2 Qxd1 38. Kxg2 Qe2+ 39. Kh3 Bxf3 40. Qf6 Qg2+ 41. Kh4 Qh1+ 42. Kg5 Qh5+ 0-1